000 00599nam a2200205 4500
003 OSt
005 20140917134547.0
008 140917b xxu||||| |||| 00| 0 eng d
020 _a0333692454
040 _c040a
082 _219
_a306.20951
_bINS 1998
245 _aInstitutional change and the political transition in Hong Kong /
_cIan Scott
260 _aAustralia
_bMacmillan
_c1998
300 _axvi, 252p ;
_bill :
_c10 cm.
440 _aInternational political economy series
_9970
504 _aincludes index
650 _aHong Kong
_91115
700 _aScott, Ian.
_91116
942 _2ddc
_cSLOAN
999 _c423
_d423